00976 2200337 4500001002100000005001500021007000300036008004100039020002200080035002000102040001700122041000800139082001200147084001800159090002300177100002700200245008200227250000900309264004200318300004000360336002100400337003000421338002300451500003000474504003000504650001300534700003500547850001000582990002300592990002300615INLIS00000000000835020260520031623ta260520 0  a978-979-29-2057-4 a0010-0922000839 aSBPUPADbind07aInd a616.462 a616.462 HAN l a616.462 HAN l T6-10 aHans TandraePengarang1 aLife Healthy With Diabetes :bDiabetes ? Mengapa dan Bagaimana /cHans Tandra aEd,1 aYogyakarta :bRapha Publishing,c2013 aviii, 112 hlm :bilus ;c16 x 23 cm 2rdacontentateks 2rdamediaatanpa perantara 2rdacarrieravolume aTentang Penulis, hlm. 111 aBibliografi, hlm. 109-110 4aDiabetes0 aEditor, Aldo SahalaePengarang aPUPAD a22.825/KAPD/2016/B a22.827/KAPD/2016/B